书目信息 |
| 题名: |
戏曲知识70问
|
|
| 作者: | 江心 主编 ;和宝堂 编著 | |
| 分册: | ||
| 出版信息: | 北京 华乐出版社 2001 |
|
| 页数: | 10,126页 | |
| 开本: | 19cm | |
| 丛书名: | 金钥匙知识百问丛书 | |
| 单 册: | ||
| 中图分类: | J82 | |
| 科图分类: | ||
| 主题词: | 戏曲--基本知识--中国 , CT--S080734--戏曲 | |
| 电子资源: | ||
| ISBN: | 7-80129-057-7 | |
| 000 | 00883oam2 2200265 45 | |
| 001 | 012001095151 | |
| 005 | 20070805170225.79 | |
| 010 | @a7-80129-057-7@dCNY8.30 | |
| 100 | @a20011203d2001 em y0chiy0110 ea | |
| 101 | 0 | @achi |
| 102 | @aCN@b110000 | |
| 105 | @aa z 000yy | |
| 200 | 1 | @a戏曲知识70问@9xi qu zhi shi 70 wen@f江心主编@g和宝堂编著 |
| 210 | @a北京@c华乐出版社@d2001@h2004 | |
| 215 | @a10,126页@c照片@d19cm | |
| 225 | 2 | @a金钥匙知识百问丛书@i艺术篇 |
| 330 | @a本书以问答的形式介绍了为什么称戏曲演员为梨园子弟、为什么有南曲与北曲之分、为什么戏曲表演要有程式、戏曲演员为什么要走台步等知识。 | |
| 462 | 0 | @12001 @a金钥匙知识百问丛书@i艺术篇 |
| 606 | 0 | @a戏曲@x基本知识@y中国 |
| 606 | 0 | @2CT@3S080734@a戏曲 |
| 690 | @aJ82@v4 | |
| 701 | 0 | @a江心@9jiang xin@4主编 |
| 702 | 0 | @a和宝堂@9he bao tang@4编著 |
| 801 | 0 | @aCN@bNLC@c20070805 |
| 905 | @a10447@dJ82@e106 | |
| 戏曲知识70问/江心主编/和宝堂编著.-北京:华乐出版社,2001(2004) |
| 10,126页:照片;19cm.-(金钥匙知识百问丛书.艺术篇) |
| ISBN 7-80129-057-7:CNY8.30 |
| 本书以问答的形式介绍了为什么称戏曲演员为梨园子弟、为什么有南曲与北曲之分、为什么戏曲表演要有程式、戏曲演员为什么要走台步等知识。 |
| ● |
| 相关链接 |
|
|
|
|
正题名:戏曲知识70问
索取号:J82/106
 
预约/预借
| 序号 | 登录号 | 条形码 | 馆藏地/架位号 | 状态 | 备注 |
| 1 | 0808862 | 208088629 | 第一样本阅览室/ [索取号:J82/106] | 在馆 | |
| 2 | 0808863 | 208088638 | 第一借阅区/ [索取号:J82/106] | 在馆 | |
| 3 | 0808864 | 208088647 | 第一借阅区/ [索取号:J82/106] | 在馆 | |
| 4 | 0808865 | 208088656 | 第一借阅区/ [索取号:J82/106] | 在馆 | |
| 5 | 0808866 | 208088665 | 密集书库-音乐系/ [索取号:J82/106] | 在馆 |